| 000 | 00827nam a22002417a 4500 | ||
|---|---|---|---|
| 001 | 42288 | ||
| 003 | UA-OsUOA | ||
| 005 | 20230817151530.0 | ||
| 007 | ta | ||
| 008 | 20081216b un ||||| |||| 00| 0 ukr d | ||
| 040 |
_aUA-OsUOA _bukr _cUA-OsUOA _dUA-OsUOA |
||
| 041 | _aukr | ||
| 080 | _a050 | ||
| 090 |
_a050 _bУ45 |
||
| 245 | _aУкраїнський голос 1910: №1(16.03) | ||
| 260 | _aВінніпег | ||
| 310 | _a15 березня 2004 р.; №9/10 | ||
| 650 | 7 |
_a050 Серійні публікації. Періодика галузі, Організація та інші типи поєднання (співробітництва) _2UDC |
|
| 942 |
_cNP _2udc |
||
| 955 | _a4 | ||
| 999 |
_c440786 _d440786 |
||